The strategy of food and agriculture in India / (Record no. 7190)

MARC details
000 -LEADER
fixed length control field 00710cam a2200241 4500
001 - CONTROL NUMBER
control field BD-DhSAU 7190
003 - CONTROL NUMBER IDENTIFIER
control field BD-DhSAU
005 - DATE AND TIME OF LATEST TRANSACTION
control field 20150520111959.0
008 - FIXED-LENGTH DATA ELEMENTS--GENERAL INFORMATION
fixed length control field 691205s1969 ii a rb 001 0 eng
040 ## - CATALOGING SOURCE
Original cataloging agency BD-DhSAU
082 00 - DEWEY DECIMAL CLASSIFICATION NUMBER
Classification number 630
Edition number 22
Item number STR
245 14 - TITLE STATEMENT
Title The strategy of food and agriculture in India /
Statement of responsibility, etc. Edited by V. R. Mutalik Desai.
260 ## - PUBLICATION, DISTRIBUTION, ETC. (IMPRINT)
Place of publication, distribution, etc. Bombay :
Name of publisher, distributor, etc. Lalvani Pub. House,
Date of publication, distribution, etc. c1969.
300 ## - PHYSICAL DESCRIPTION
Extent viii, 223 p. :
Dimensions 23 cm.
Other physical details ill. ;
350 ## - PRICE (NR) (BK AM CF MU VM SE) [OBSOLETE]
Price 22.50
504 ## - BIBLIOGRAPHY, ETC. NOTE
Bibliography, etc Includes bibliographical references and index.
590 ## - Name of Cataloguer
Name of Cataloger joy
650 #0 - SUBJECT ADDED ENTRY--TOPICAL TERM
Topical term or geographic name as entry element Agriculture and state
Geographic subdivision India.
650 #0 - SUBJECT ADDED ENTRY--TOPICAL TERM
Topical term or geographic name as entry element Food supply
Geographic subdivision India.
650 #0 - SUBJECT ADDED ENTRY--TOPICAL TERM
Topical term or geographic name as entry element Economics.
700 ## - ADDED ENTRY--PERSONAL NAME
Personal name Mutalik Desai, V. R.
942 ## - ADDED ENTRY ELEMENTS (KOHA)
Source of classification or shelving scheme Dewey Decimal Classification
Koha item type Book
Holdings
Withdrawn status Lost status Source of classification or shelving scheme Damaged status Not for loan Collection code Home library Branch Name Shelving location Date acquired Total Checkouts Full call number Barcode Date last seen Price effective from Koha item type
    Dewey Decimal Classification   Not For Loan Reference SAU Library SAU Library Reference 19/05/1979   630 STR 3225 20/05/2015 20/05/2015 Book